[Event "OHS 2020"]
[Site "Herne-Sodingen"]
[Date "2020.03.09"]
[Round "6.23"]
[White "Bock, Oswin"]
[Black "Wolff, Manuela"]
[Result "1-0"]
[WhiteElo "1426"]
[BlackElo "738"]
[PlyCount "93"]
[EventDate "2020.??.??"]
[WhiteTeam "SG Höntrop 1947"]
[BlackTeam "SC Buer-Hassel 1919 e. V."]

1. Nf3 Nc6 2. c4 d6 3. g3 e5 4. Nc3 b6 5. Bg2 Bb7 6. d3 Nf6 7. Bg5 Be7 8. O-O
O-O 9. e3 Qd7 10. a3 a5 11. Qa4 h6 12. Bxf6 Bxf6 13. Ne4 Be7 14. d4 Qf5 15.
Ned2 e4 16. Ne1 d5 17. cxd5 Qxd5 18. Bxe4 Qd7 19. Nd3 Bf6 20. Rac1 b5 21. Qc2
Ra6 22. Nc5 Qd6 23. Nxa6 Ra8 24. Bxc6 Bxc6 25. Qxc6 Qxc6 26. Rxc6 Bd8 27. Nc5
Rb8 28. b4 Rb6 29. Rxb6 cxb6 30. Nb7 Be7 31. bxa5 bxa5 32. Nxa5 b4 33. Nc6 Bd6
34. Nxb4 Bc7 35. Rc1 Ba5 36. Nc4 Bc7 37. Ne5 Bd6 38. Rc6 Be7 39. Rc8+ Kh7 40.
Nxf7 Kg6 41. Ne5+ Kf6 42. Nd5+ Ke6 43. Nxe7 Kxe7 44. a4 Ke6 45. a5 Kd5 46. f3
Ke6 47. a6 1-0